000 00616nam a2200241Ia 4500
003 OSt
005 20221005073402.0
006 a|||||r|||| 00| 0
007 ta
008 221004b |||||||| |||| 00| 0 eng d
024 _a61262
037 _cTextual
040 _aCRL
_cCRL
_beng
041 _2eng
_aeng
082 _aO111,1:gxM, L1
100 _aGeorge A. G.
245 0 _aStudies in poetry
260 _aNew Delhi
_bHeinemann India
_c1971
300 _a276p.
_ccm.
650 _aENGLISH LITERATURE
942 _hO111,1:gxM, L1
_cTEXL
_2cc
999 _c981050
_d981050